Działania matematyczne #3 - Statystyki

Ogólne statystyki
  • Ten quiz został rozwiązany 66 razy
    37 od ostatniego zresetowania
  • Średni wynik to 14 z 15
Statystyki odpowiedzi
Działanie Wynik % Poprawnych
82+19 101
100%
13*8 104
100%
5^3 125
94%
21*6 126
94%
43*3 129
94%
34*4 136
94%
61-47 14
94%
99+87 186
94%
84/4 21
94%
40*7 280
94%
105/3 35
94%
20/5 4
94%
55/11 5
94%
2^5 32
91%
665/7 95
88%
Nie znaleziono quizów pasujących do podanych kryteriów
Rozkład punktacji
Procent ludzi z każdym wynikiem
Percentyl według liczby udzielonych odpowiedzi
Twoja historia wyników
Nie rozwiązałeś tego quizu od ostatniego zresetowania